Women, Law and Free Legal Aid in India. (Record no. 12215)

MARC details
000 -LEADER
fixed length control field 00569nam a2200229 a 4500
020 ## - INTERNATIONAL STANDARD BOOK NUMBER
ISBN 817629X
082 00 - DEWEY DECIMAL CLASSIFICATION NUMBER
Classification number 346.0134
Author Cutter MUK
100 ## - MAIN ENTRY--AUTHOR NAME
Author name Mukherjee, Roma
245 ## - TITLE STATEMENT
Title Women, Law and Free Legal Aid in India.
260 ## - PUBLICATION, DISTRIBUTION, ETC. (IMPRINT)
Place of publication Delhi
Name of publisher Deep and Deep Pub
Year of publication 1998
300 ## - PHYSICAL DESCRIPTION
Number of Pages 359p
500 ## - GENERAL NOTE
General note includes index and biblioraphy
505 2# - FORMATTED CONTENTS NOTE
Formatted contents note Index
650 ## - SUBJECT ADDED ENTRY--TOPICAL TERM
Topical Term Women-India-Law
942 ## - ADDED ENTRY ELEMENTS (KOHA)
Koha item type Books
Holdings
Collection code Home library Current library Date acquired Cost, normal purchase price Full call number Accession Number Koha item type
  Henry Martyn Institute Library Henry Martyn Institute Library 06/05/2007 650.00 346.0134 MUK 018432 Books
                   Copyright © 2026 | Henry Martyn Institute | Hyderabad | TS-500052 | INDIA | Implemented by hmi.edu.in
Hit-Count:

Powered by Koha